Concepts and Methods in Educational Research. (Record no. 4462)

MARC details
005 - DATE AND TIME OF LATEST TRANSACTION
control field 20250620071109.0
020 ## - INTERNATIONAL STANDARD BOOK NUMBER
International Standard Book Number 978-9976-4-0433-3
082 ## - DEWEY DECIMAL CLASSIFICATION NUMBER
Classification number 370.72OMA
100 ## - MAIN ENTRY--PERSONAL NAME
Author name OMARI. I. M
245 ## - TITLE STATEMENT
Title Concepts and Methods in Educational Research.
260 ## - PUBLICATION, DISTRIBUTION, ETC.
Place of publication, distribution, etc. DAR ES SALAAM,
Name of publisher, distributor, etc. Omari. I. M,
Date of publication, distribution, etc. 2011.
300 ## - PHYSICAL DESCRIPTION
Extent xi, 157p.; ill, figure, table & picture
Other physical details Index
Dimensions 23.8cm
942 ## - ADDED ENTRY ELEMENTS (KOHA)
Source of classification or shelving scheme Dewey Decimal Classification
Koha item type Books
Holdings
Date last seen Total checkouts Full call number Barcode Cost, replacement price Price effective from Koha item type Lost status Source of classification or shelving scheme Damaged status Not for loan Withdrawn status Home library Current library Shelving location Date acquired Cost, normal purchase price
06/20/2025   370.72OMA DOM0001758 30000.00 06/20/2025 Books   Dewey Decimal Classification       CBE Dodoma CBE Dodoma Special Reserve Collection 07/26/2020 10000.00
06/20/2025   370.72OMA DOM0001764 30000.00 06/20/2025 Books   Dewey Decimal Classification       CBE Dodoma CBE Dodoma Special Reserve Collection 07/26/2020 1000.00
06/21/2025   370.72OMA DOM0001759 30000.00 06/20/2025 Books   Dewey Decimal Classification       CBE Dodoma CBE Dodoma Special Reserve Collection 07/26/2020 10000.00